LEADER 02085nam 2200385 450 001 9910135757903321 005 20231206173724.0 010 $a0-7381-1104-X 035 $a(CKB)3780000000089138 035 $a(NjHacI)993780000000089138 035 $a(EXLCZ)993780000000089138 100 $a20231206d1988 uy 0 101 0 $aeng 135 $aur||||||||||| 181 $ctxt$2rdacontent 182 $cc$2rdamedia 183 $acr$2rdacarrier 200 10$aANSI/IEEE Std 1010-1987 $eIEEE Guide for Control of Hydroelectric Power Plants /$fIEEE 210 1$aPiscataway :$cIEEE,$d1988. 215 $a1 online resource (91 pages) 330 $aDescribes the control and monitoring requirements for equipment and systems associated with conventional and pumped-storage hydroelectric plants. The author includes typical methods of local and remote control, details of the control interfaces for plant equipment, requirements for centralized and off-site control, and trends in control systems. Where specific values are given to control parameters, they should be considered as typical. This document does not include civil and structural details of hydroelectric power plants unless required for the understanding of certain control and monitoring functions. Also excluded is a detailed discussion of protective relaying, high-voltage switchyards, and navigational and flood control facilities. This document is directed toward practicing engineers in the field of power plant design that have a basic knowledge of hydroelectric facilities. 517 $aANSI/IEEE Std 1010-1987: IEEE Guide for Control of Hydroelectric Power Plants 606 $aHydroelectric power plants 606 $aHydroelectric power plants$xStandards 606 $aStandards, Engineering 615 0$aHydroelectric power plants. 615 0$aHydroelectric power plants$xStandards. 615 0$aStandards, Engineering. 676 $a621.312134 801 0$bNjHacI 801 1$bNjHacl 906 $aDOCUMENT 912 $a9910135757903321 996 $aANSI$92072434 997 $aUNINA LEADER 02870oam 2200709 c 450 001 9910163123803321 005 20260302090207.0 010 $a3-86496-975-1 010 $a3-86496-976-X 010 $a3-86496-974-3 024 3 $a9783864969751 035 $a(CKB)3710000000912602 035 $a(MiAaPQ)EBC4688263 035 $a(UVK Verlag)9783864969751 035 $a(Narr)9783864969751 035 $a(EXLCZ)993710000000912602 100 $a20260302d2014 uy 0 101 0 $ager 135 $aurcnu|||||||| 181 $2rdacontent 182 $2rdamedia 183 $2rdacarrier 200 10$aMarketing- und Vertriebsmethoden $eManagement konkret /$fMichael Nagel, Christian Mieke 205 $a1st ed. 210 $aTübingen$cUVK Verlag$d2014 215 $a1 online resource (91 pages) 300 $a[1. Auflage] 311 08$a3-86764-569-8 320 $aIncludes bibliographical references and index. 330 $aMarketing und Vertrieb bilden wichtige Funktionen in Unternehmen. Die Anstrengungen in diesen Bereichen wirken sich wesentlich auf die aktuelle und die künftige Ertrags- und Gewinnhöhe aus. Zum erfolgreichen Absatz von Produkten und Leistungen genügt es in der Regel nicht, über bloßes Verkaufsgeschick zu verfügen. Vielmehr sind unter anderem aussagefähige Marktanalysen, bedarfsgerechte Produkt-, Preis- und Vertriebswegeplanungen sowie konsistente Maßnahmenbündel der Verkaufsförderung gefragt. Das vorliegende Buch enthält einen Basissatz an Methoden, welche die Erfüllung der beschriebenen Aufgaben unterstützen. Mitarbeiter aus Marketing- und Vertriebsabteilungen erhalten ? gewissermaßen für die Jackentasche ? ein kompaktes Nachschlagewerk, in dem zentrale und für die Praxis relevante Methoden kurz und knapp vorgestellt, ihre Zielsetzungen beschrieben, die Anwendungsmöglichkeiten verdeutlicht und die umsetzungsbezogenen Grenzen aufgezeigt werden. 606 $a4P 606 $aBetriebswirtschaftslehre 606 $aBWL 606 $aConjoint-Analyse 606 $aGewinnschwelle 606 $aKundenanalyse 606 $aKundenwert 606 $aKundenzufriedenheit 606 $aMarketing 606 $aProduktlebenszyklus 606 $aVertrieb 615 4$a4P 615 4$aBetriebswirtschaftslehre 615 4$aBWL 615 4$aConjoint-Analyse 615 4$aGewinnschwelle 615 4$aKundenanalyse 615 4$aKundenwert 615 4$aKundenzufriedenheit 615 4$aMarketing 615 4$aProduktlebenszyklus 615 4$aVertrieb 676 $a658.8 700 $aNagel$b Michael$4aut$01205733 702 $aMieke$b Christian$4aut 801 0$bMiAaPQ 801 1$bMiAaPQ 801 2$bMiAaPQ 906 $aBOOK 912 $a9910163123803321 996 $aMarketing- und Vertriebsmethoden$92783601 997 $aUNINA